000 00545 a2200181 4500
020 _a0534534600
040 _aDLC
_bDLC
082 0 0 _a303.482
100 1 _aSamovar, Larry A.
245 1 0 _aCommunication between cultures
_cLarry A. Samovar, Richard E. Porter.
250 _a4th ed.
260 _aBelmont, CA :
_bWadsworth/Thomson Learning,
_cc2001.
300 _axii, 334 p. :
_bill. ;
_c24 cm.
650 0 _aIntercultural communication.
650 0 _aCommunication and culture.
700 1 _aPorter, Richard E.
942 _cBK
_k303.482 SAM
_2ddc
999 _c7196
_d7196